LIBRARY & INFORMATION CENTRE, KCAET, TAVANUR

ONLINE PUBLIC ACCESS CATALOGUE (OPAC)

JavaScript & JQuery : Interactive front-end web development (Record no. 15681)

MARC details
000 -LEADER
fixed length control field 00386nam a22001457a 4500
003 - CONTROL NUMBER IDENTIFIER
control field OSt
008 - FIXED-LENGTH DATA ELEMENTS--GENERAL INFORMATION
fixed length control field 190527b ||||| |||| 00| 0 eng d
020 ## - INTERNATIONAL STANDARD BOOK NUMBER
ISBN 9781118531648
082 ## - DEWEY DECIMAL CLASSIFICATION NUMBER
Classification number 005.133
Item number DUC/JA
100 ## - MAIN ENTRY--AUTHOR NAME
Personal name Duckett, Jon.
245 ## - TITLE STATEMENT
Title JavaScript & JQuery : Interactive front-end web development
260 ## - PUBLICATION, DISTRIBUTION, ETC. (IMPRINT)
Name of publisher John Willey& Sons, inc.
Year of publication 2014
300 ## - PHYSICAL DESCRIPTION
Number of Pages 622 p.
942 ## - ADDED ENTRY ELEMENTS (KOHA)
Koha item type Books
Holdings
Withdrawn status Lost status Damaged status Collection code Home library Current library Shelving location Date acquired Full call number Accession Number Koha item type
      Non-fiction KAUAET KAUAET General Stacks 27/05/2019 005.133 DUC/JA 25916 Books
      Non-fiction KAUAET KAUAET General Stacks 27/05/2019 005.133 DUC/JA 25917 Books
free website counter